00966cam a2200277 a 450000100060000000300080000600500170001400800410003102000160007203500190008804000320010704100080013908200220014710000260016924501030019526000310029830000330032950000400036250000200040250400300042265000120045265000340046465000280049885600880052685600740061411711BD-RjUL20211208235154.0140127s1984 nyua b 001 0 eng  a0471889504  a(BD-RjUL)11760 aDLCcDLCdDLCdBD-RjULbeng aeng00a577223bPII 19841 aPielou, E. C.,d1924-14aThe interpretation of ecological data :ba primer on classification and ordination /cE.C. Pielou. aNew York :bWiley,cc1984. axi, 263 p. :bill. ;c24 cm. a"A Wiley-Interscience publication." aIncludes index. aBibliography: p. 257-259. 0aEcology 0aEcologyxStatistical methods. 0aOrdination (Statistics)423Publisher descriptionuhttp://www.loc.gov/catdir/description/wiley034/84007284.html4 3Table of Contentsuhttp://www.loc.gov/catdir/toc/onix05/84007284.html